000 00472nam a2200157Ia 4500
008 230917s9999||||xx |||||||||||||| ||und||
020 _cSET1750
040 _e5738
_aMAIN
041 _aEnglish
082 _a547.05 W657C
100 _aWilkinson, Geoffrey, ed.
245 0 _aComprehensive organometallia chemistry: the synthesis, reactions and structures of organometallic compounds
260 _aOxford
_bPergamon Press
_c1982
300 _axii, 1114 p.
942 _cBK
999 _c230736
_d230736